000 00313nam a2200157Ia 4500
100 _aStevens/W.R
490 _v3
942 _cBK
654 _aTCP/IP
245 _aTCP/IP Illustrated
260 _bADDISON WESLEY
_aReading
_c1994
082 _a4.62
_bSTE
300 _a328
546 _aENGLISH
999 _c25593
_d25593